000 01037nam a22002657a 4500
999 _c474
_d474
003 AR-CdUCM
008 190223b ||||| |||| 00| 0 spa d
040 _aMUNICIPALIDAD PROVINCIAL DEL CUSCO
_cBIBLIOTECA MUNICIPAL DEL CUSCO
082 _aC / 332.4 /
_bV66
100 _aVillanueva Ugarte, Horacio
_91872
245 _aLa casa de moneda del Cuzco /
260 _aCuzco :
_bUniversitaria,
_c1994.
300 _a281 páginas ;
_bimágenes.
_c20 cm.
505 _aLa casa de la moneda del Cuzco -- Biografía de Horaciovillanueva -- Kuchuy nueva victoria inca -- el Choque de cultura y enfrentamientos -- EL barrio de Cayau Cachi...
650 _aCusco.
_9772
650 _aVida cotidiana.
_91873
650 _aCusco colonial.
_91874
650 _aCasa de la Moneda.
_91875
700 _aCahuata Corrales, Fructuoso
_91876
700 _aFlores Ochoa, Jorge A.
_91877
700 _aGonzales Mires, César,
_91878
710 _aUniversidad Nacional San Antonio de Abad (Cusco)
_91879
942 _2ddc
_cLIBROS
945 _awfj
_d2019-02-23